Personality profiles of teachers in a secondary school in Petaling Jaya /
Saved in:
| Main Author: | |
|---|---|
| Format: | Thesis Book |
| Language: | English |
| Published: |
2001.
|
| Subjects: | |
| Online Access: | http://studentsrepo.um.edu.my/id/eprint/106 |
| Tags: |
Add Tag
No Tags, Be the first to tag this record!
|
| LEADER | 01045cam a2200265 a 4500 | ||
|---|---|---|---|
| 001 | u488748 | ||
| 003 | SIRSI | ||
| 008 | 960110s2001 my t 00 10 eng m | ||
| 035 | |a ACR-2278 | ||
| 040 | |a UMM | ||
| 043 | |a a-my-se | ||
| 090 | |a LB7 |b UM 2001 Kal | ||
| 100 | 0 | 0 | |a Kalai Selvi Gopal. |
| 245 | 1 | 0 | |a Personality profiles of teachers in a secondary school in Petaling Jaya / |c Kalai Selvi a/p Gopal. |
| 260 | |c 2001. | ||
| 300 | |a xi, 164 leaves [append.] : |b ill. ; |c 29 cm. | ||
| 502 | |a Dissertation (M.Ed.) -- Fakulti Pendidikan, Universiti Malaya, 2001. | ||
| 504 | |a Bibliography: leaves 119-121. | ||
| 650 | 0 | |a Teachers |z Selangor |z Petaling Jaya | |
| 710 | 2 | 0 | |a Universiti Malaya. |b Fakulti Pendidikan. |
| 856 | 4 | 1 | |u http://studentsrepo.um.edu.my/id/eprint/106 |
| 948 | |a 10/10/2001 |b 07/06/2002 | ||
| 596 | |a 1 8 | ||
| 999 | |a LB7 UM 2001 KAL |w LC |c 1 |i A510355216 |d 9/5/2011 |e 9/5/2011 |l STACKS |m P01UTAMA |n 4 |r Y |s Y |t TESIS |u 6/12/2001 |o .STAFF. | ||
| 999 | |a LB7 UM 2001 KAL |w LC |c 1 |i A511186924 |f 2/9/2020 |g 1 |l STACKS |m P08PENDIDI |r Y |s Y |t TESIS |u 26/9/2003 |1 AHSS | ||
